000
00308nam a22001337a 4500
008
170922b xxu||||| |||| 00| 0 eng d
020
_a
9780787956967
041
_a
eng
080
_a
37
100
_a
46
101
_a
EDU
245
_a
HIGHER EDUCATION OUTSIDE OF THE ACADEMY
_c
CANTOR,J.A
942
_2
udc
_c
BK
999
_c
29098
_d
29098